| 000 | 00500nam a2200205 a 4500 | ||
|---|---|---|---|
| 999 |
_c7306 _d7306 |
||
| 001 | 7306 | ||
| 003 | BD-JhCC | ||
| 005 | 20180207174930.0 | ||
| 008 | 180207s usa |||| |||| 000 0 eng d | ||
| 035 | _a(BD-JhCC) | ||
| 040 |
_aBD-JhCC _dBD-JhCC |
||
| 041 | _aeng | ||
| 082 |
_a793.2 _bBUR |
||
| 100 | _aBurns, Lorell Coffman | ||
| 245 |
_aInstant Party Fun / _cLorell Coffman Burns |
||
| 260 |
_aUSA: _bGramercy Publishing Company; |
||
| 300 |
_a128 p; _c22 cm |
||
| 650 | _aGame | ||
| 942 |
_2ddc _cBK |
||